000 00897cab a22002055a 4500
001 L152872
008 110510e20110507xxk 000 0 eng d
035 _a(Sirsi) u152872
041 0 _aeng
100 1 _aDonnell, Richard
245 0 0 _aFocus
_bResidential
260 _c2011
490 _aEstates Gazette
_v(1118) 7 May 2011, 69-85(12)
520 _aHighlights cash flow investment opportunities for residential property. Interviews with representatives from the property industry on how the Coalition Government is faring on housing policy one year after taking office in May 2010. Comments on the boom in student accommodation sector. Reviews schemes by developers and housebuilders aimed at helping first-timer buyers get onto the property ladder.
590 _aKA
651 4 _aUnited Kingdom
_y
690 _aPROPERTY-RESIDENTIAL PROPERTY
700 1 _aNorwood, Graham
942 _n0
999 _c83129
_d83129